Vainqueurs Copa del rey - Statistiques

Statistiques générales
  • Ce quiz a été pris 155 fois
  • Le résultat moyen est 10 sur 15
Statistiques - réponses
Titre Club % Correct
31 Barcelone
100%
4 Espanyol Barcelone
100%
20 Real Madrid
100%
10 Atletico Madrid
95%
5 Seville
93%
3 Betis Seville
92%
8 Valence
89%
23 Atletic Bilbao
85%
3 Real Sociedad
72%
2 Deportivo la corogne
52%
1 Majorque
31%
6 Real Saragosse
30%
1 Levante
26%
4 Real Union de irun
6%
1 Arenas Guecho
2%
Aucun quiz correspondant
Distribution des résultats
% des personnes avec chaque résultat
Percentile par nombre de réponses
Votre historique - résultats
Vous n’avez pas pris ce quiz